| 000 | 00376nam a22001457a 4500 | ||
|---|---|---|---|
| 008 | 211014b ||||| |||| 00| 0 eng d | ||
| 020 | _a9781455707362 | ||
| 041 | _aeng | ||
| 080 | _a610.73 | ||
| 082 | _a610.73 | ||
| 100 | _a2 | ||
| 101 | _aINF | ||
| 245 |
_aThe Practice of Nursing Research Appraisal, Synthesis, and Generation of Evidence _cGrove,S.K |
||
| 942 |
_2udc _cBK |
||
| 999 |
_c58226 _d58226 |
||